000 02761nam0a2200433 4500
001 RU\NLR\BIBL_A\022768010
005 20260524043622.0
010 _a978-5-8295-0960-6
_950
021 _aRU
_bКН-П-26-007914
_9КН-П-26-0763
035 _a(NLR Aleph) 022768010
090 _a13709433
_c13709433
100 _a20260327d2026 k y0rusy50 ca
101 0 _arus
102 _aRU
105 _aa j 000yy
181 0 _ai3
_baxxe
182 0 _an
200 1 _aНейроэндокринология: основы патологии
_eучебное пособие
_eдля студентов, обучающихся по направлению подготовки 31.05.01 - Лечебно-профилактическое дело
_fД. Ю. Гребнев, И. Ю. Маклакова, О. А. Тренина [и др.]
_gнаучный редактор - член-корреспондент РАН, доктор медицинских наук, профессор Б. Г. Юшков
_gМинистерство здравоохранения Российской Федерации, Уральский государственный медицинский университет, [Кафедра патологической физиологии]
203 _aТекст
_bвизуальный
_cнепосредственный
205 _a3-е изд., доп. и перераб.
210 _aЕкатеринбург
_cУГМУ
_d2026
215 _a112 с.
_cил.
_d20
300 _aВ вып. дан. загл.: Патология нейроэндокринной системы
300 _aАвт. указаны на обороте тит. с.
320 _aБиблиогр.: с. 108-112
517 1 _aПатология нейроэндокринной системы
606 1 _aНейроэндокринология
_jУчебные издания для высших учебных заведений
_91432919
_3RU\NLR\AUTH\66294753
686 1 _aР62-245я73
686 1 _aЕ978я73
701 1 _aГребнев
_bД. Ю.
_gДмитрий Юрьевич
701 1 _aМаклакова
_bИ. Ю.
_gИрина Юрьевна
701 1 _aТренина
_bО. А.
_gОксана Анатольевна
702 1 _4340
_7ca
_8rus
_aЮшков
_bБ. Г.
_cд-р мед. наук
_f1947-
_gБорис Германович
_910003
_3RU\NLR\AUTH\7726966
712 0 2 _4570
_aУральский государственный медицинский университет
_bКафедра патологической физиологии
_cЕкатеринбург
_92689266
_3RU\NLR\AUTH\880636213
942 _cBOOK
980 _aNB